000 00692nam a2200289Ia 4500
005 20260324142916.0
008 008 260324s9999 xx 000 0 eng d
020 _a9780429076763
037 _aEBOOK
040 _aCRL
040 _beng
040 _cCRL
041 _2eng
041 _aeng
084 _qCRL
100 _aWolfgang Ahnert; Frank Steffen
_91213680
245 0 _aSound Reinforcement Engineering
245 0 _bFundamentals and Practice
260 _bTaylor and Francis
260 _c1993
365 _a
365 _b760
856 _uhttp://www.taylorfrancis.com/books/9780429076763
942 _cEBOOK
999 _c1818441
_d1818441